000 00328nam a2200133Ia 4500
008 191014s9999 xx 000 0 und d
020 _aLC 63-21516
082 _a531
_bAND
100 _aP.W.Anderson
_920368
245 0 _aConcepts in Solids
260 _aNew York
_bW.A.Benjamin Inc.
_c1963
300 _aX,188
942 _cBK
999 _c530946
_d530946